Szczegóły MARC21

Dzieje Szczecina. T. 4, 1945-1990 /

003 -Nazwa inst., której nr kontr. jest w polu 001 [,]
    • @
    • Nazwa instytucji, której n kontrolny jest w polu 001
    • NUKAT
005 -DATA I CZAS OSTATNIEJ MODYFIKACJI [,]
    • @
    • pole kontrolne
    • 20241231111011.0
020 -Międzynarod. znormalizowany nr książki - ISBN [ , ]
    • a
    • Numer ISBN
    • 8390889803 Find
    • q
    • Dopowiedzenie
    • t. 4
020 -Międzynarod. znormalizowany nr książki - ISBN [ , ]
    • a
    • Numer ISBN
    • 8390889811 Find
    • q
    • Dopowiedzenie
    • całość
040 -Instytucja sporządzająca opis [ , ]
    • a
    • Instytucja, która sporządziła opis (NP)
    • KIEL 010/AS
    • c
    • Instytucja, która sporządziła rekord (NP)
    • KIEL 010/AS
    • d
    • Instytucja, która zmodyfikowała rekord (P)
    • KIEL 010/AS
    • d
    • Instytucja, która zmodyfikowała rekord (P)
    • KIEL 010/MCs
    • d
    • Instytucja, która zmodyfikowała rekord (P)
    • WR O/IS
942 -Rodzaj dokumentu [ , ]
    • c
    • Rodzaj dokumentu
    • Książka
245 -Strefa tytułu i oznaczenia odpowiedzialności [0,0]
    • a
    • Tytuł
    • Dzieje Szczecina. Find
    • n
    • Oznaczenie części (P)
    • T. 4,
    • p
    • Nazwa części (P)
    • 1945-1990 /
    • c
    • Pozostałe elementy strefy tytułu i oznaczenia odpowiedzialności (NP)
    • pod red. Gerarda Labudy, Tadeusza Białeckiego i Zygmunta Silskiego ; [aut. T. Białecki et al.].
260 -Strefa adresu wydawniczego [ , ]
    • a
    • Miejsce wydania (P)
    • Szczecin :
    • b
    • Nazwa wydawcy (P)
    • Wydawnictwo "13 Muz" :
    • b
    • Nazwa wydawcy (P)
    • Księgarnia Literacka,
    • c
    • Data wydania (P)
    • 1998.
300 -Strefa opisu fizycznego [ , ]
    • a
    • Określenie formy książki i/lub objętość (NP)
    • 830, [1] s. :
    • b
    • Oznaczenie ilustracji (NP)
    • il. ;
    • c
    • Format (NP)
    • 24 cm.
336 -Typ zawartości [ , ]
    • a
    • Termin opisujący typ zawartości
    • Tekst
    • b
    • Kod określający zawartość
    • txt
    • 2
    • Źródło (terminu i kodu)
    • rdacontent
337 -Typ mediów [ , ]
    • a
    • Tryb odtwarzania
    • Bez urządzenia pośredniczącego
    • b
    • Kod typu mediów
    • n
    • 2
    • Źródło (terminu i kodu)
    • rdamedia
338 -Typ/rodzaj nośnika [ , ]
    • a
    • Hasło opisujące typ nośnika
    • Wolumin
    • b
    • Kod typu nośnika
    • nc
    • 2
    • Źródło (terminu i kodu)
    • rdacarrier
504 -Uwaga dot. bibliogr. załącznikowej [ , ]
    • a
    • Uwaga dot. bibliografii załącznikowej
    • Bibliogr. s. 710-734. Indeksy.
546 -Uwaga dot. języka [ , ]
    • a
    • Uwaga dot. języka
    • Spis treści także ang., niem.
080 -Uniwersalna Klasyfikacja Dziesiętna [ , ]
    • a
    • Symbol klasyfikacji
    • 943.8Szczecin
651 -Hasło przedmiotowe w formie nazwy geograficznej [ ,7]
    • a
    • Nazwa geograficzna
    • Szczecin (Polska)
    • y
    • Określnik chronologiczny
    • 1945-1990.
    • 2
    • Źródło terminu
    • kaba
    • 9
    • KHW
    • 351319
980 -Symbol UKD [ , ]
    • a
    • UKD
    • 943.8Szczecin
700 -Hasło dodatkowe - nazwa osobowa [1, ]
    • a
    • Nazwa osobowa (NP)
    • Labuda, Gerard Find
    • d
    • Daty biograficzne (NP)
    • (1916-2010).
    • e
    • Określenie rodzaju współpracy
    • Red.
    • 9
    • KHW
    • 48449
700 -Hasło dodatkowe - nazwa osobowa [1, ]
    • a
    • Nazwa osobowa (NP)
    • Białecki, Tadeusz Find
    • d
    • Daty biograficzne (NP)
    • (1933- ).
    • e
    • Określenie rodzaju współpracy
    • Red.
    • 9
    • KHW
    • 7603
700 -Hasło dodatkowe - nazwa osobowa [1, ]
    • a
    • Nazwa osobowa (NP)
    • Silski, Zygmunt. Find
    • e
    • Określenie rodzaju współpracy
    • Red.
    • 9
    • KHW
    • 7904
920 -ISBN [ , ]
    • a
    • ISBN
    • 83-908898-0-3 Find
    • q
    • Dopowiedzenie
    • t. 4
920 -ISBN [ , ]
    • a
    • ISBN
    • 83-908898-1-1 Find
    • q
    • Dopowiedzenie
    • całość
Obwoluta Numer inwentarzowy Lokalizacja Data inwentaryzacji Sygnatura Status udost.
 E.66063BE1999-06-14 -2
 Z.94079BG1999-06-14 -3
 Z.104435BG2005-04-06Z.52698-6
1WM.20739BG2018-02-16 -3
 H.8257BNS1999-06-14 1
1H.25862BNS2014-05-22 -3